[Event "Harrogate 4NCL op-B 31st"]
[Site "Harrogate"]
[Date "2024.01.21"]
[Round "5"]
[White "Ashton, Alannah"]
[Black "Elgar, Tim"]
[Result "0-1"]
[WhiteElo "1849"]
[BlackElo "1980"]
[PlyCount "108"]
[EventDate "2024.01.19"]
[EventType "swiss"]
[EventRounds "5"]
[EventCountry "ENG"]
[SourceTitle "CB06_2024"]
[SourceDate "2024.02.07"]
[SourceVersion "1"]
[SourceVersionDate "2024.02.07"]
[SourceQuality "1"]

1. e4 c5 2. Nf3 Nc6 3. d4 cxd4 4. Nxd4 g6 5. c4 Bg7 6. Be3 Qb6 7. Nb3 Qd8 8. Qd2 Nf6 9. f3 0-0 10. Nc3 d6 11. Be2 a5 12. Na4 Nd7 13. 0-0 b6 14. Bh6 Nc5 15. Nbxc5 bxc5 16. Bxg7 Kxg7 17. f4 Nd4 18. Bd3 f5 19. Rae1 Ra7 20. Nc3 a4 21. Ne2 Nxe2+ 22. Rxe2 fxe4 23. Bxe4 Bb7 24. f5 Rf6 25. Rf3 Bxe4 26. Rxe4 gxf5 27. Qg5+ Rg6 28. Qxf5 e5 29. Rh4 Qe7 30. Rfh3 Kg8 31. Rg4 Qe8 32. Rxg6+ hxg6 33. Qf6 Rh7 34. Rg3 Rg7 35. Qxd6 e4 36. Qd5+ Kh8 37. Qd2 g5 38. h4 g4 39. Qf4 Qe6 40. h5 Qxc4 41. h6 Rg6 42. Kh2 Qe6 43. Qf8+ Kh7 44. Kg1 e3 45. Qxc5 e2 46. Qc7+ Kxh6 47. Qc1+ Kh5 48. Re3 Qb6 49. Kh2 Re6 50. Rxe6 Qxe6 51. Qc5+ Kg6 52. Qc2+ Kf6 53. Qxa4 Qe5+ 54. g3 e1Q 0-1

[Event "Manchester op"]
[Site "Bolton"]
[Date "2023.08.20"]
[Round "5"]
[White "Surtees, Michael"]
[Black "Ashton, Alannah"]
[Result "1-0"]
[WhiteElo "2059"]
[BlackElo "1499"]
[PlyCount "95"]
[EventDate "2023.08.18"]
[EventType "swiss"]
[EventRounds "5"]
[EventCountry "ENG"]
[SourceTitle "CBM 215 Extra"]
[Source "ChessBase"]
[SourceDate "2023.09.30"]
[SourceVersion "1"]
[SourceVersionDate "2023.09.30"]
[SourceQuality "1"]

1. e4 c5 2. d3 g6 3. Be3 Bg7 4. c3 d6 5. d4 cxd4 6. cxd4 d5 7. e5 Nc6 8. Bb5 a6 9. Bxc6+ bxc6 10. Qc1 Qa5+ 11. Nd2 c5 12. Ne2 Nh6 13. 0-0 Nf5 14. Nb3 Qb5 15. Qxc5 Qxc5 16. Nxc5 Nxe3 17. fxe3 Bh6 18. Nf4 e6 19. b4 Bd7 20. a4 Ke7 21. Rab1 Rhb8 22. Rb3 Rb6 23. Kf2 Bg7 24. Nxd7 Kxd7 25. Ke2 Ke8 26. Rc1 Kd8 27. Nd3 Bf8 28. Nc5 Rab8 29. Rcb1 Ra8 30. Kd3 Be7 31. R3b2 Bf8 32. g4 h6 33. e4 Ra7 34. Rf1 Ke8 35. exd5 exd5 36. Rf6 Rxf6 37. exf6 Bd6 38. h3 Kd8 39. Re2 Bg3 40. Re7 Rxe7 41. fxe7+ Kxe7 42. Nxa6 Be1 43. b5 Ba5 44. Nb8 Bc7 45. Nc6+ Kd7 46. a5 Kc8 47. b6 Bb8 48. a6 1-0

[Event "Prague Summer op-B 10th"]
[Site "Prague"]
[Date "2023.08.05"]
[Round "2"]
[White "Pokorny, Jiri"]
[Black "Ashton, Alannah"]
[Result "0-1"]
[WhiteElo "1813"]
[BlackElo "1499"]
[PlyCount "60"]
[EventDate "2023.08.04"]
[EventType "swiss"]
[EventRounds "9"]
[EventCountry "CZE"]
[SourceTitle "EXT 2024"]
[Source "ChessBase"]
[SourceDate "2023.10.10"]
[SourceVersion "1"]
[SourceVersionDate "2023.10.10"]
[SourceQuality "1"]

1. e4 c5 2. Nf3 d6 3. d4 cxd4 4. Nxd4 Nf6 5. Nc3 g6 6. f3 Bg7 7. Be3 0-0 8. Qd2 Nc6 9. Bc4 Bd7 10. h4 h5 11. 0-0-0 Ne5 12. Bb3 a5 13. Bh6 a4 14. Bd5 e6 15. Bxg7 Kxg7 16. f4 exd5 17. fxe5 dxe5 18. Nf3 d4 19. Ne2 Nxe4 20. Qe1 Qe7 21. Rf1 a3 22. b3 Rac8 23. Ng3 Nxg3 24. Qxg3 Rxc2+ 25. Kb1 Rb2+ 26. Ka1 Rc8 27. Nxe5 Rcc2 28. Nd3 Rxa2+ 29. Kb1 Bb5 30. Rf2 Bxd3 0-1

[Event "BCF-chT4 2223 (4NCL)"]
[Site "England"]
[Date "2023.04.29"]
[Round "9.121"]
[White "Neatherway, A Philip"]
[Black "Ashton, Alannah"]
[Result "1/2-1/2"]
[WhiteElo "1825"]
[BlackElo "1330"]
[PlyCount "126"]
[EventDate "2022.11.05"]
[EventType "team-swiss"]
[EventRounds "11"]
[EventCountry "ENG"]
[SourceTitle "EXT 2024"]
[Source "ChessBase"]
[SourceDate "2023.10.10"]
[SourceVersion "1"]
[SourceVersionDate "2023.10.10"]
[SourceQuality "1"]
[WhiteTeam "Oxford IV"]
[BlackTeam "She Plays to Win Young Stars"]
[WhiteTeamCountry "ENG"]
[BlackTeamCountry "ENG"]

1. e4 c5 2. Nc3 Nc6 3. g3 g6 4. Bg2 Bg7 5. d3 e6 6. f4 d6 7. Nf3 Nge7 8. Be3 0-0 9. 0-0 Rb8 10. a4 b6 11. Qd2 Nd4 12. Bxd4 cxd4 13. Ne2 Nc6 14. c3 dxc3 15. bxc3 Na5 16. Ra2 Qc7 17. Ned4 Qc5 18. Kh1 e5 19. fxe5 dxe5 20. Nb5 a6 21. d4 Qe7 22. Na3 exd4 23. cxd4 Bb7 24. d5 Qxe4 25. Ng5 Qxa4 26. d6 Bxg2+ 27. Qxg2 Rbd8 28. Nxf7 Rd7 29. Raf2 Qc6 30. Ng5 Qxg2+ 31. Kxg2 Rxf2+ 32. Rxf2 Rxd6 33. Rc2 h6 34. Rc8+ Bf8 35. Ne4 Rc6 36. Ra8 Re6 37. Kf3 Kg7 38. Nc2 g5 39. Nd4 g4+ 40. Kf4 Rg6 41. Ra7+ Kg8 42. Kf5 Rg7 43. Rxa6 Nc4 44. Ra8 Ne3+ 45. Kf4 Nd5+ 46. Ke5 Nc7 47. Rb8 Re7+ 48. Kf5 Nd5 49. Nf6+ Nxf6 50. Kxf6 Rf7+ 51. Kg6 Rg7+ 52. Kf5 Kf7 53. Ne6 Rg8 54. Rxb6 Be7 55. Rb7 h5 56. Nf4 Rg5+ 57. Ke4 Ke8 58. Nd5 Bc5 59. Nf6+ Kd8 60. Kf4 Rg6 61. Kf5 Rh6 62. Kg5 Be3+ 63. Kf5 Bg1 1/2-1/2

[Event "BCF-chT4 2223 (4NCL)"]
[Site "England"]
[Date "2023.03.25"]
[Round "7.103"]
[White "Bentley, Alex"]
[Black "Ashton, Alannah"]
[Result "0-1"]
[WhiteElo "1752"]
[BlackElo "1330"]
[PlyCount "76"]
[EventDate "2022.11.05"]
[EventType "team-swiss"]
[EventRounds "11"]
[EventCountry "ENG"]
[SourceTitle "EXT 2024"]
[Source "ChessBase"]
[SourceDate "2023.10.10"]
[SourceVersion "1"]
[SourceVersionDate "2023.10.10"]
[SourceQuality "1"]
[WhiteTeam "Ashfield III"]
[BlackTeam "She Plays to Win Young Stars"]
[WhiteTeamCountry "ENG"]
[BlackTeamCountry "ENG"]

1. e4 c5 2. Nc3 Nc6 3. f4 g6 4. Nf3 Bg7 5. Bc4 e6 6. 0-0 Nge7 7. a3 d5 8. Ba2 0-0 9. Qe1 Nd4 10. Nxd4 cxd4 11. Nd1 dxe4 12. Qxe4 Qb6 13. d3 Bd7 14. Kh1 Nf5 15. Qe1 Qc7 16. c4 e5 17. g4 Nh6 18. h3 Rfe8 19. Qg3 e4 20. dxe4 Rxe4 21. Bb1 Re2 22. Nf2 Rae8 23. Bd3 Bc6+ 24. Kg1 R2e3 25. Qh2 g5 26. Bxe3 Rxe3 27. Rfe1 gxf4 28. Rxe3 dxe3 29. Ne4 Qe5 30. Qg2 f5 31. gxf5 Nxf5 32. Qc2 Nd4 33. Qg2 f3 34. Qg4 f2+ 35. Kf1 Qh2 36. Qg2 Qxg2+ 37. Kxg2 Nb3 38. Rd1 Nd2 0-1

[Event "BCF-chT4 2223 (4NCL)"]
[Site "England"]
[Date "2023.02.04"]
[Round "5.84"]
[White "Blinov, Roman"]
[Black "Ashton, Alannah"]
[Result "1-0"]
[WhiteElo "1731"]
[BlackElo "1330"]
[PlyCount "63"]
[EventDate "2022.11.05"]
[EventType "team-swiss"]
[EventRounds "11"]
[EventCountry "ENG"]
[SourceTitle "EXT 2024"]
[Source "ChessBase"]
[SourceDate "2023.10.10"]
[SourceVersion "1"]
[SourceVersionDate "2023.10.10"]
[SourceQuality "1"]
[WhiteTeam "Oxford III"]
[BlackTeam "She Plays to Win Young Stars"]
[WhiteTeamCountry "ENG"]
[BlackTeamCountry "ENG"]

1. d4 Nf6 2. Bf4 d5 3. e3 e6 4. Nd2 Bd6 5. Bg3 0-0 6. Bd3 b6 7. Qe2 a5 8. Ngf3 Ba6 9. 0-0 Bxd3 10. cxd3 Bxg3 11. hxg3 c5 12. dxc5 bxc5 13. Rac1 Qb6 14. Rc2 Na6 15. b3 Nb4 16. Rb2 Qb5 17. Ne5 Nd7 18. Nxd7 Qxd7 19. Nb1 a4 20. Nc3 axb3 21. axb3 d4 22. Na4 dxe3 23. Nb6 exf2+ 24. Kh2 Qxd3 25. Nxa8 Qg6 26. Rxf2 Rxa8 27. Rf1 Nd3 28. Rd2 Ne5 29. Rfd1 Ng4+ 30. Qxg4 Qh6+ 31. Qh4 Qxh4+ 32. gxh4 1-0

[Event "ENG-ch U12"]
[Site "Torquay"]
[Date "2022.08.08"]
[Round "1"]
[White "Singh, Hari"]
[Black "Ashton, Alannah"]
[Result "1/2-1/2"]
[WhiteElo "1129"]
[BlackElo "1212"]
[PlyCount "92"]
[EventDate "2022.08.08"]
[EventType "swiss"]
[EventRounds "7"]
[EventCountry "ENG"]
[SourceTitle "EXT 2023"]
[Source "ChessBase"]
[SourceDate "2022.10.05"]
[SourceVersion "1"]
[SourceVersionDate "2022.10.05"]
[SourceQuality "1"]

1. d4 Nf6 2. Nf3 c5 3. c3 g6 4. e3 Bg7 5. Bd3 0-0 6. e4 cxd4 7. cxd4 d5 8. Nc3 dxe4 9. Nxe4 Nd5 10. Bc4 Bg4 11. Bxd5 Qxd5 12. Nc3 Qe6+ 13. Be3 Bxf3 14. Qxf3 Bxd4 15. 0-0 Bxe3 16. Qxe3 Qxe3 17. fxe3 Nc6 18. Rad1 Rad8 19. a3 Kg7 20. Ne4 Ne5 21. Rc1 Rc8 22. b3 Rfd8 23. Rfd1 Ng4 24. h3 Nxe3 25. Rxd8 Rxd8 26. Rc7 Rd4 27. Nf2 Nd5 28. Rxb7 e5 29. Rd7 Nf4 30. Rxa7 Nd3 31. Re7 Kf8 32. Rc7 Nxf2 33. Kxf2 Rd3 34. Rb7 f5 35. Rxh7 Rxb3 36. a4 Ra3 37. Ra7 e4 38. Ra6 Kg7 39. a5 f4 40. Ra7+ Kf6 41. Ra6+ Kf5 42. Ra7 Ra2+ 43. Kf1 Ra1+ 44. Kf2 Ra2+ 45. Kf1 Ra1+ 46. Kf2 Ra2+ 1/2-1/2

[Event "EU-chT U12 Girls"]
[Site "Thessaloniki"]
[Date "2022.07.17"]
[Round "6.2"]
[White "Badica, Ariana"]
[Black "Ashton, Alannah"]
[Result "1-0"]
[WhiteElo "1527"]
[BlackElo "1240"]
[PlyCount "61"]
[EventDate "2022.07.12"]
[EventType "team-tourn"]
[EventRounds "7"]
[EventCountry "GRE"]
[SourceTitle "EXT 2023"]
[Source "ChessBase"]
[SourceDate "2022.10.05"]
[SourceVersion "1"]
[SourceVersionDate "2022.10.05"]
[SourceQuality "1"]
[WhiteTeam "Romania U12"]
[BlackTeam "England U12"]
[WhiteTeamCountry "ROU"]
[BlackTeamCountry "ENG"]

1. e4 c5 2. Nc3 Nc6 3. f4 g6 4. Nf3 Bg7 5. Bb5 Nd4 6. 0-0 Nxb5 7. Nxb5 d5 8. e5 a6 9. Na3 Bg4 10. d4 Bxf3 11. Rxf3 cxd4 12. Qxd4 Nh6 13. c3 0-0 14. Rh3 Nf5 15. Qf2 e6 16. g4 Nh6 17. Qg3 Qb6+ 18. Kh1 f6 19. f5 g5 20. exf6 Rxf6 21. Bxg5 exf5 22. Bxf6 Qxf6 23. g5 f4 24. gxf6 fxg3 25. fxg7 Nf5 26. hxg3 Kxg7 27. Re1 h5 28. Re5 Kf6 29. Rxd5 Re8 30. Nc4 b5 31. Rxf5+ 1-0

[Event "EU-chT U12 Girls"]
[Site "Thessaloniki"]
[Date "2022.07.13"]
[Round "2.2"]
[White "Ashton, Alannah"]
[Black "Kiss, Inez"]
[Result "0-1"]
[WhiteElo "1240"]
[BlackElo "1397"]
[PlyCount "158"]
[EventDate "2022.07.12"]
[EventType "team-tourn"]
[EventRounds "7"]
[EventCountry "GRE"]
[SourceTitle "EXT 2023"]
[Source "ChessBase"]
[SourceDate "2022.10.05"]
[SourceVersion "1"]
[SourceVersionDate "2022.10.05"]
[SourceQuality "1"]
[WhiteTeam "England U12"]
[BlackTeam "Hungary U12"]
[WhiteTeamCountry "ENG"]
[BlackTeamCountry "HUN"]

1. e4 c6 2. d4 d5 3. e5 Bf5 4. h4 h5 5. Bd3 Bxd3 6. Qxd3 Qa5+ 7. Nd2 Qa6 8. e6 Qxd3 9. exf7+ Kxf7 10. cxd3 Nf6 11. Ndf3 e6 12. Ne5+ Ke8 13. Ngf3 Bb4+ 14. Ke2 Nfd7 15. Ng6 Rg8 16. Ng5 Nf8 17. Nxf8 Bxf8 18. Nxe6 Bd6 19. Bf4 Bxf4 20. Nxf4 g6 21. Rh3 Nd7 22. Re3+ Kf7 23. Kd2 Rae8 24. Rae1 Nf6 25. Rxe8 Rxe8 26. Rxe8 Nxe8 27. Ke3 Nd6 28. Ne2 Nf5+ 29. Kf4 Nxh4 30. g3 Nf5 31. Kg5 a6 32. Nf4 Ne7 33. b4 b6 34. a4 a5 35. bxa5 bxa5 36. f3 Kg7 37. Ne6+ Kf7 38. Nc5 Nf5 39. Nb3 Kg7 40. g4 h4 41. Nd2 h3 42. Nf1 Nxd4 43. Kh4 Nxf3+ 44. Kxh3 Ne5 45. d4 Nf3 46. Kg3 Nxd4 47. Nd2 Ne2+ 48. Kf3 Nc3 49. Nb3 Nxa4 50. Nxa5 c5 51. Ke3 d4+ 52. Kd3 Kf6 53. Nc6 Nb2+ 54. Kc2 Nc4 55. Nxd4 cxd4 56. Kd3 Ne5+ 57. Kxd4 Nxg4 58. Ke4 Kg5 59. Kf3 Ne5+ 60. Kg3 Kf5 61. Kg2 g5 62. Kg3 Nd3 63. Kf3 g4+ 64. Kg3 Ne5 65. Kg2 Kf4 66. Kf2 Ke4 67. Kg3 Ke3 68. Kg2 Kf4 69. Kf2 g3+ 70. Kg1 Kg4 71. Kg2 Kh4 72. Kg1 Kh3 73. Kh1 g2+ 74. Kg1 Nf3+ 75. Kf2 g1Q+ 76. Ke2 Nd4+ 77. Kd3 Qd1+ 78. Ke4 Qd2 79. Ke5 Nc6+ 0-1

[Event "EU-ch Hybrid U10 Girls"]
[Site "Tornelo INT"]
[Date "2021.10.15"]
[Round "5"]
[White "Ashton, Alannah"]
[Black "Kuznetsova, Ekaterina A"]
[Result "0-1"]
[WhiteElo "1294"]
[BlackElo "1085"]
[PlyCount "64"]
[EventDate "2021.10.15"]
[EventType "swiss"]
[EventRounds "9"]
[EventCountry "NET"]
[SourceTitle "EXT 2023"]
[Source "ChessBase"]
[SourceDate "2022.10.05"]
[SourceVersion "1"]
[SourceVersionDate "2022.10.05"]
[SourceQuality "1"]
[WhiteTeam "England"]
[BlackTeam "Russia"]
[WhiteTeamCountry "ENG"]
[BlackTeamCountry "RUS"]

1. e4 c5 2. d4 cxd4 3. c3 dxc3 4. Nxc3 Nc6 5. Nf3 e6 6. e5 Bb4 7. Bc4 Qa5 8. 0-0 Bxc3 9. bxc3 Qxc3 10. Qd6 Qxc4 11. Ba3 Nge7 12. Rfd1 0-0 13. Rac1 Qxa2 14. Rxc6 bxc6 15. Qxe7 Ba6 16. Bd6 Be2 17. Re1 Bxf3 18. gxf3 Qd5 19. Kg2 a5 20. Rg1 f6 21. Kf1 Rf7 22. exf6 Rxe7 23. Bxe7 g6 24. Rg4 Qxf3 25. Rg3 Qd1+ 26. Kg2 d6 27. Rf3 Kf7 28. Rf4 a4 29. Rh4 h5 30. Rf4 a3 31. Rb4 Qd5+ 32. Kg1 c5 0-1

[Event "EU-ch Hybrid U10 Girls"]
[Site "Tornelo INT"]
[Date "2021.10.15"]
[Round "8"]
[White "Ashton, Alannah"]
[Black "Skvortsova, Anna Ig"]
[Result "0-1"]
[WhiteElo "1294"]
[BlackElo "1063"]
[PlyCount "92"]
[EventDate "2021.10.15"]
[EventType "swiss"]
[EventRounds "9"]
[EventCountry "NET"]
[SourceTitle "EXT 2023"]
[Source "ChessBase"]
[SourceDate "2022.10.05"]
[SourceVersion "1"]
[SourceVersionDate "2022.10.05"]
[SourceQuality "1"]
[WhiteTeam "England"]
[BlackTeam "Russia"]
[WhiteTeamCountry "ENG"]
[BlackTeamCountry "RUS"]

1. e4 c5 2. Nf3 Nc6 3. Bb5 g6 4. 0-0 Bg7 5. Re1 e6 6. c3 Nge7 7. d4 cxd4 8. cxd4 Qb6 9. Bxc6 Nxc6 10. d5 Nd4 11. e5 Nxf3+ 12. Qxf3 0-0 13. Bg5 Qxb2 14. Nc3 Bxe5 15. Bf6 Qxc3 16. Qxc3 Bxc3 17. Bxc3 b6 18. d6 Bb7 19. Bf6 Rac8 20. Rac1 Bc6 21. a3 a6 22. Rc3 Bb7 23. Rc7 Rxc7 24. dxc7 Rc8 25. Bd8 Bc6 26. Rb1 b5 27. a4 Kf8 28. axb5 Bxb5 29. f3 Ke8 30. Kf2 Rxd8 31. cxd8Q+ Kxd8 32. Ke3 d6 33. Kd4 Kc7 34. Kc3 Kb6 35. Ra1 Kc5 36. Rc1 d5 37. Kd2+ Bc4 38. Ra1 f6 39. f4 e5 40. fxe5 fxe5 41. Ra3 e4 42. Rh3 d4 43. Rxh7 e3+ 44. Ke1 d3 45. Rg7 d2+ 46. Kd1 Bb3+ 0-1